Algoritmy obrabotki eksperimentaľnych dannych

Salvato in:
Dettagli Bibliografici
Natura: Libro
Lingua:russo
Pubblicazione: Moskva : Nauka, 1982
Edizione:1.vyd.
Tags: Aggiungi Tag
Nessun Tag, puoi essere il primo ad aggiungerne!!

MARC

LEADER 00000nam a22000003a 4500
001 stu7531
005 20141121194519.5
008 950328s1982----xxr-----------------rus-d
040 |a STU  |b slo 
041 0 |a rus 
044 |a xxr 
080 |a 519.683.5 
080 |a 519.688  |7 stu_us_auth*stu10069 
080 |a 53.05 
245 |a Algoritmy obrabotki eksperimentaľnych dannych 
250 |a 1.vyd. 
260 |a Moskva :  |b Nauka,  |c 1982 
300 |a 183 s 
996 |c I*18A3407  |l I  |s A  |a 24  |w stu7531_0001